Finanzanalyse eines Wirtschaftsunternehmens aufgezeigt den Beispiel der Barum Continental spol s r.o.

Saved in:
Bibliographic Details
Main Author Tatarková, Eliška (Dissertant)
Other Authors Simon, Gerhard (Thesis advisor)
Format Manuscript Book
LanguageGerman
Published 2011
Subjects
Online AccessPlný text v Digitální knihovně UTB
Physical Description66s.

Cover

LEADER 00000ntm a22000007u 4500
001 zp19224
041 |a ger 
100 1 |a Tatarková, Eliška  |4 dis 
245 1 0 |a Finanzanalyse eines Wirtschaftsunternehmens aufgezeigt den Beispiel der Barum Continental spol s r.o. 
246 |a Financial analysis of the company Barum Continental spol. s r. o. 
260 |c 2011 
300 |a 66s. 
500 |a Studijní obor: Německý jazyk pro manažerskou praxi 
500 |a Studijní obor: German for Business Administration 
500 |a Ústav: Ústav jazyků 
500 |a Univerzita Tomáše Bati ve Zlíně. Fakulta humanitních studií 
500 |a Tomas Bata University in Zlín. Faculty of Humanities 
506 |a Bez omezení 
653 |a Finanzanalyse 
653 |a Horizontalanalyse 
653 |a Vertikalanalyse 
653 |a Bilanz 
653 |a Gewinn- und Verlustrechnung 
653 |a Cash-Flow 
653 |a relative Zahlen 
653 |a financial analysis 
653 |a horizontal analysis 
653 |a vertical analysis 
653 |a balance sheet 
653 |a income statement 
653 |a cash-flow 
653 |a ratio indicators 
655 4 |a bakalářská práce 
700 1 |a Simon, Gerhard  |4 ths 
710 2 |a Univerzita Tomáše Bati ve Zlíně. Fakulta humanitních studií  |4 dgg 
710 2 |a Tomas Bata University in Zlín. Faculty of Humanities  |4 dgg 
856 4 0 |u http://hdl.handle.net/10563/14941  |y Plný text v Digitální knihovně UTB